[Event "Hannover-ch U16"]
[Site "Lehrte"]
[Date "2014.10.28"]
[Round "7"]
[White "Stabenow, Erik"]
[Black "Yerin, Daniel"]
[Result "1/2-1/2"]
[WhiteElo "1296"]
[BlackElo "1112"]
[PlyCount "79"]
[EventDate "2014.10.25"]
[EventType "swiss"]
[EventRounds "7"]
[EventCountry "GER"]
[SourceTitle "EXT 2021"]
[Source "ChessBase"]
[SourceDate "2020.10.23"]
[SourceVersion "1"]
[SourceVersionDate "2020.10.23"]
[SourceQuality "1"]

1. e4 e5 2. Nf3 Nc6 3. Bc4 Bc5 4. d3 d6 5. Ng5 Nh6 6. h3 Na5 7. Qh5 Nxc4 8. dxc4 Qe7 9. Nf3 Ng8 10. Nc3 c6 11. Qg5 Qxg5 12. Nxg5 f6 13. Nf3 Bb4 14. Bd2 Be6 15. b3 Ne7 16. Ne2 Bxd2+ 17. Nxd2 0-0 18. 0-0 c5 19. Nc3 Nc6 20. Nb5 Rad8 21. Nc7 Bf7 22. Nd5 Bxd5 23. cxd5 Nd4 24. c4 b6 25. g3 g6 26. Kg2 Kg7 27. Nf3 Nxf3 28. Kxf3 h6 29. Ke3 f5 30. f4 exf4+ 31. Rxf4 Rde8 32. Raf1 Rxe4+ 33. Rxe4 fxe4 34. Rxf8 Kxf8 35. Kxe4 Kf7 36. h4 h5 37. Kf4 Kf6 38. g4 hxg4 39. Kxg4 a6 40. Kf4 1/2-1/2

[Event "Hannover Region-ch"]
[Site "Hannover"]
[Date "2014.04.26"]
[Round "7"]
[White "Basic, Miroslav"]
[Black "Stabenow, Erik"]
[Result "0-1"]
[WhiteElo "1531"]
[BlackElo "1185"]
[PlyCount "118"]
[EventDate "2014.02.01"]
[EventType "swiss"]
[EventRounds "7"]
[EventCountry "GER"]
[SourceTitle "EXT 2021"]
[Source "ChessBase"]
[SourceDate "2020.10.23"]
[SourceVersion "1"]
[SourceVersionDate "2020.10.23"]
[SourceQuality "1"]

1. d4 d5 2. Nf3 Nc6 3. Bf4 Nf6 4. h3 g6 5. e3 Bg7 6. c4 Be6 7. c5 a6 8. Nc3 0-0 9. Be2 Qd7 10. a3 b5 11. cxb6 cxb6 12. Na4 Qb7 13. Qb3 b5 14. Rc1 Na5 15. Qb4 bxa4 16. Qxa5 Qxb2 17. 0-0 Qxe2 18. Qxa4 Qb5 19. Qd1 Rac8 20. Rb1 Qd7 21. Ne5 Qa7 22. f3 Nd7 23. Nd3 Bf5 24. Rb3 Bxd4 25. exd4 Qxd4+ 26. Kh1 Bxd3 27. Rb4 Rc4 28. Bh6 Rxb4 29. axb4 Rb8 30. Re1 e6 31. Qa4 Bb5 32. Qa5 Qh4 33. Bd2 Rc8 34. Qa1 Qf6 35. Qa3 Ne5 36. Bc3 Nc4 37. Qa1 Qd8 38. Bh8 Kf8 39. Qg7+ Ke8 40. Qg8+ Kd7 41. Qxf7+ Qe7 42. Qxe7+ Kxe7 43. Bd4 Na3 44. Bc5+ Kd7 45. Kh2 a5 46. Ra1 axb4 47. Bxb4 Nc2 48. Ra7+ Rc7 49. Rxc7+ Kxc7 50. Ba5+ Kc6 51. Kg3 Kc5 52. h4 d4 53. Kf4 d3 54. Bd2 Nd4 55. Kg5 Bc6 56. Kh6 Bxf3 57. gxf3 Nxf3 58. Be3+ Kc4 59. Kxh7 Nxh4 0-1

[Event "Hannover Region-ch"]
[Site "Hannover"]
[Date "2014.04.12"]
[Round "6"]
[White "Stabenow, Erik"]
[Black "Stummeyer, Dieter"]
[Result "0-1"]
[WhiteElo "1185"]
[BlackElo "1886"]
[PlyCount "82"]
[EventDate "2014.02.01"]
[EventType "swiss"]
[EventRounds "7"]
[EventCountry "GER"]
[SourceTitle "EXT 2021"]
[Source "ChessBase"]
[SourceDate "2020.10.23"]
[SourceVersion "1"]
[SourceVersionDate "2020.10.23"]
[SourceQuality "1"]

1. e4 c5 2. Nf3 Nc6 3. Nc3 d6 4. Bc4 Nf6 5. 0-0 g6 6. d3 Bg7 7. Re1 0-0 8. h3 a6 9. a3 b5 10. Ba2 e6 11. Bg5 Qc7 12. b4 cxb4 13. axb4 Nxb4 14. Bd2 Nd7 15. d4 Nxa2 16. Rxa2 Bb7 17. Qe2 Nb6 18. Rb1 Nc4 19. Nd1 Qc6 20. Nb2 Nxb2 21. Rbxb2 Qxe4 22. Qxe4 Bxe4 23. Be3 Bd5 24. Ra1 f5 25. Rd1 Rfc8 26. Bf4 Rc6 27. Ne1 Rac8 28. Rd2 Be4 29. Nd3 Bxd3 30. cxd3 Rc1+ 31. Kh2 e5 32. dxe5 dxe5 33. Be3 f4 34. Bb6 R8c6 35. Ba5 e4 36. Ra2 Rb1 37. Re2 Rcc1 38. Re1 Rxe1 39. Bxe1 Rxe1 40. Rxa6 exd3 41. Ra2 Re2 0-1

[Event "Hannover Region-ch"]
[Site "Hannover"]
[Date "2014.02.01"]
[Round "1"]
[White "Moseler, Thomas"]
[Black "Stabenow, Erik"]
[Result "0-1"]
[WhiteElo "1714"]
[BlackElo "1185"]
[PlyCount "128"]
[EventDate "2014.02.01"]
[EventType "swiss"]
[EventRounds "7"]
[EventCountry "GER"]
[SourceTitle "EXT 2021"]
[Source "ChessBase"]
[SourceDate "2020.10.23"]
[SourceVersion "1"]
[SourceVersionDate "2020.10.23"]
[SourceQuality "1"]

1. e4 e5 2. Nf3 Nc6 3. Bb5 Bc5 4. 0-0 Qf6 5. c3 Nge7 6. d3 h6 7. Be3 Bxe3 8. fxe3 0-0 9. Qe1 d6 10. Nh4 Qg5 11. Nd2 a6 12. Ba4 b5 13. Bb3 Ng6 14. Nxg6 Qxg6 15. Rf3 Nd8 16. Rg3 Qf6 17. Qe2 Be6 18. Rf1 Qe7 19. Qh5 Kh7 20. d4 Bxb3 21. axb3 g6 22. Qf3 Ne6 23. d5 Ng5 24. Qg4 Kg7 25. h4 Nh7 26. h5 Qg5 27. Qf3 Qf6 28. Qe2 Qh4 29. Rh3 Qg5 30. Rff3 Qe7 31. Qf2 Ng5 32. hxg6 Nxh3+ 33. Rxh3 fxg6 34. Qg3 Qg5 35. Qh2 h5 36. Rg3 Qf6 37. Nf3 Rh8 38. Qh3 Rad8 39. Ng5 Kh6 40. Qh4 Rdf8 41. Qh3 h4 42. Qxh4+ Kg7 43. Ne6+ Kg8 44. Qxf6 Rxf6 45. Nxc7 Kf7 46. Nxa6 Ra8 47. Nb4 g5 48. Nc2 Ra2 49. Na3 g4 50. Nxb5 Ra1+ 51. Kh2 Rh6+ 52. Rh3 gxh3 53. gxh3 Ra2 54. Nxd6+ Rxd6 55. c4 Rxb2+ 56. Kg3 Rxb3 57. c5 Rd8 58. Kg4 Rxe3 59. Kf5 Rxh3 60. Kxe5 Rh5+ 61. Kd4 Ke7 62. c6 Kd6 63. e5+ Rxe5 64. Kc4 Rxd5 0-1

[Event "Hannover-ch U12"]
[Site "Lehrte"]
[Date "2010.10.12"]
[Round "10"]
[White "Stabenow, Erik"]
[Black "Weiss, Andreas1"]
[Result "0-1"]
[WhiteElo "849"]
[BlackElo "1022"]
[PlyCount "126"]
[EventDate "2010.10.09"]
[EventType "swiss"]
[EventRounds "11"]
[EventCountry "GER"]
[SourceTitle "EXT 2021"]
[Source "ChessBase"]
[SourceDate "2020.10.23"]
[SourceVersion "1"]
[SourceVersionDate "2020.10.23"]
[SourceQuality "1"]

1. e4 e5 2. Nf3 Nc6 3. Nc3 Nf6 4. Bb5 d6 5. 0-0 Bd7 6. Bxc6 Bxc6 7. Re1 Be7 8. d4 0-0 9. dxe5 dxe5 10. Qxd8 Raxd8 11. Nxe5 Bd6 12. Nxc6 bxc6 13. h3 Be5 14. Bg5 Rb8 15. Rab1 h6 16. Bxf6 Bxf6 17. e5 Bg5 18. Ne4 Bf4 19. Nc5 Rfe8 20. Nd7 Rb5 21. c4 Rb7 22. Re4 Bd2 23. Re2 Bc3 24. Nc5 Rbb8 25. Na4 Bxe5 26. Nc5 Bh2+ 27. Kf1 Rxe2 28. Kxe2 Re8+ 29. Kf3 Bd6 30. Ne4 f5 31. Nxd6 cxd6 32. Rd1 Rd8 33. c5 d5 34. g4 Rf8 35. gxf5 Rxf5+ 36. Ke3 Re5+ 37. Kf4 Re2 38. Rb1 Rxf2+ 39. Ke5 Rf6 40. a4 Kf7 41. b4 Re6+ 42. Kf4 Re4+ 43. Kf3 a6 44. b5 axb5 45. axb5 cxb5 46. Rxb5 Rc4 47. Ke3 Ke6 48. Kd3 Kd7 49. Rb7+ Kc6 50. Rxg7 Kxc5 51. Rh7 Rh4 52. Kd2 Rxh3 53. Rc7+ Kd6 54. Rh7 d4 55. Kd1 Rh2 56. Ke1 d3 57. Kd1 h5 58. Ra7 Kd5 59. Ra3 Kd4 60. Ke1 Ke3 61. Kf1 Re2 62. Ra1 Rf2+ 63. Ke1 d2+ 0-1

[Event "Hannover-ch U12"]
[Site "Lehrte"]
[Date "2010.10.12"]
[Round "11"]
[White "Zuschlag, Jannick"]
[Black "Stabenow, Erik"]
[Result "0-1"]
[WhiteElo "1048"]
[BlackElo "849"]
[PlyCount "56"]
[EventDate "2010.10.09"]
[EventType "swiss"]
[EventRounds "11"]
[EventCountry "GER"]
[SourceTitle "EXT 2021"]
[Source "ChessBase"]
[SourceDate "2020.10.23"]
[SourceVersion "1"]
[SourceVersionDate "2020.10.23"]
[SourceQuality "1"]

1. d4 d5 2. c4 c6 3. Nf3 dxc4 4. Nc3 Nf6 5. Bg5 e6 6. e3 Be7 7. Bxc4 Nd5 8. Bxe7 Nxe7 9. 0-0 0-0 10. Qd3 Nd5 11. Nxd5 exd5 12. Bb3 Nd7 13. Bc2 g6 14. h4 c5 15. h5 c4 16. Qd2 Nf6 17. hxg6 hxg6 18. Rad1 Ne4 19. Bxe4 dxe4 20. Qc2 exf3 21. g3 Be6 22. Kh2 Qg5 23. Rh1 Bh3 24. Kg1 Bg2 25. Rh2 Kg7 26. Qxc4 Rh8 27. Rxh8 Rxh8 28. Qc5 Rh1# 0-1

[Event "Hannover-ch U12"]
[Site "Lehrte"]
[Date "2010.10.10"]
[Round "6"]
[White "Baeuerlein, Michael"]
[Black "Stabenow, Erik"]
[Result "1-0"]
[WhiteElo "775"]
[BlackElo "849"]
[PlyCount "117"]
[EventDate "2010.10.09"]
[EventType "swiss"]
[EventRounds "11"]
[EventCountry "GER"]
[SourceTitle "EXT 2021"]
[Source "ChessBase"]
[SourceDate "2020.10.23"]
[SourceVersion "1"]
[SourceVersionDate "2020.10.23"]
[SourceQuality "1"]

1. e4 e5 2. Nf3 Nf6 3. Nxe5 Nxe4 4. Qe2 Nf6 5. Nc6+ Qe7 6. Nxe7 Bxe7 7. d4 0-0 8. Qxe7 Re8 9. Qe5 Rxe5+ 10. dxe5 Nd5 11. Bc4 c6 12. 0-0 Nb4 13. a3 Nxc2 14. Ra2 b5 15. Bd3 Nd4 16. b4 Nb3 17. Be3 c5 18. bxc5 Na6 19. Nc3 Nbxc5 20. Bc2 Ne6 21. Nxb5 Rb8 22. Nxa7 Bb7 23. Nb5 Bd5 24. Rb2 Bc4 25. Rfb1 Bxb5 26. Rxb5 Rc8 27. Bf5 g6 28. Bxe6 dxe6 29. Bh6 f5 30. Rb6 Ra8 31. Rxe6 Kf7 32. Reb6 Ke7 33. e6 Nc5 34. Bg5+ Ke8 35. e7 Nd7 36. Rc6 Ne5 37. Rcb6 Nd7 38. R6b4 Kf7 39. Rc1 Ke8 40. Rbc4 Nb6 41. Rd4 Nd7 42. Rcd1 Ra7 43. a4 h6 44. Be3 Kxe7 45. Rb4 Rc7 46. Ra1 Kd8 47. Bb6 Nxb6 48. Rxb6 Kc8 49. Rb3 Rb7 50. Rba3 Kb8 51. Kf1 Ka8 52. Ke2 Ra7 53. Kd3 Kb7 54. Kc4 Kc6 55. Kb4 Kb6 56. a5+ Ka6 57. Rc1 Kb7 58. Kb5 Kb8 59. Kb6 1-0